000 00631nam a2200205Ii 4500
003 JO-AjNU
008 230605s9999||||xx |||||||||||||| ||und||
017 _a2009/4/1458
040 _aJO-AjNU
_bara
_erda
_cJO-AjNU
041 _aara
050 1 4 _aTD174.H87 2009
100 3 _aحسين، عادل الشيخ,
_eauthor
_929692
245 0 0 _aالبئية مشكلات وحلول
264 3 1 _aعمان:دار اليازوري،2009
300 _a207ص
336 _atext
_btxt
_2rdacontent
337 _aunmediated
_bn
_2rdamedia
338 _avolume
_bnc
_2rdacarrier
650 4 _aالبيئة -مشكلات وحلول
_929693
999 _aA11678
_c15246
_d15246